000 00601nam a2200205Ia 4500
005 20250923145112.0
008 008 250917s9999 xx 000 0 eng d
037 _aTextual
040 _aDSWL
_beng
_cDSWL
041 _aeng
_2eng
084 _aX:5X2,N61<-N51, N67
_qDSWL
100 _aBose, Ashish
_9831807
245 0 _aPatterns of population change India 1951-61
_cby Ashish Bose
260 _aBombay
_bAllied Publiers
_c1967
300 _axix,358 p.
365 _aINR
_b30
925 _g30
942 _cTEXL
_hX:5X2,N61<-N51, N67
999 _c1447124
_d1447124